| 000 | 00442nam a22001697a 4500 | ||
|---|---|---|---|
| 003 | NUST - PNEC | ||
| 005 | 20170116181029.0 | ||
| 008 | 150919b xxu||||| |||| 00| 0 eng d | ||
| 020 | _a0070281556 | ||
| 040 | _cLIBRARY | ||
| 082 | _a621.4021 MAS | ||
| 100 |
_910984 _aÇengel-Turner |
||
| 245 |
_aThermodynamics and Fluids AMME2200, AMME5200 _cÇengel-Turner |
||
| 260 | _cc 2009 | ||
| 650 |
_95418 _aThermodynamics _xME |
||
| 942 |
_2ddc _cBK |
||
| 999 |
_c67676 _d67676 |
||